Give It To Me - Timbaland Feat. Nelly Furtado - All Lyrics - Statistics

General Stats
  • This quiz has been taken 34 times
  • The average score is 470 of 593
Answer Stats
Answer % Correct
I
100%
it
100%
me
100%
me,
100%
me)
100%
to
100%
you
100%
a
96%
give
96%
in
92%
see
92%
sí,
92%
(So
92%
So
92%
the
92%
When
92%
your
92%
Your
92%
be
88%
body
88%
club,
88%
I'm
88%
I’m
88%
N****s
88%
us
88%
We
88%
we
88%
all
85%
hear
85%
if
85%
If
85%
on
85%
real
85%
floor,
81%
here
81%
is
81%
nice
81%
night
81%
we'll
81%
act
77%
actin'
77%
do
77%
girl
77%
girl,
77%
my
77%
My
77%
nobody
77%
that
77%
that'll
77%
Wanna
77%
go
73%
just
73%
"Just
73%
type
73%
watchin'
73%
work
73%
you'll
73%
ain't
69%
and
69%
it's
69%
look
69%
not
69%
not,
69%
of
69%
you're
69%
as
65%
can
65%
come
65%
don't
65%
Don't
65%
from
65%
like
65%
right,
65%
then
65%
they
65%
up,
65%
up
65%
but
62%
can't
62%
'em,
62%
'em
62%
get
62%
hurt
62%
Love
62%
them
62%
they
62%
think
62%
will
62%
at
58%
damn,
58%
eye,
58%
eye
58%
got
58%
hard
58%
let
58%
way
58%
Could
54%
diculous-
54%
down
54%
for
54%
heard
54%
mami
54%
mommy
54%
one
54%
party,
54%
Promiscuous
54%
stop
54%
there
54%
ulous-ulous
54%
why
54%
with
54%
'Cause
50%
charts
50%
fan
50%
Never
50%
never
50%
over
50%
ri-dic-dic-
50%
say
50%
songs
50%
speak
50%
style
50%
that's
50%
top
50%
top,
50%
try
50%
abs
46%
air"
46%
ass
46%
clear
46%
everybody
46%
gon'
46%
hand
46%
Japan
46%
know
46%
man
46%
mumbling?
46%
need
46%
put
46%
shit?
46%
tell
46%
Timbo'
46%
tryna
46%
day
42%
dead
42%
didn't
42%
fly
42%
hands
42%
International,
42%
other
42%
our
42%
producer,
42%
talkin'
42%
TV,
42%
upper
42%
Woman,
42%
because
38%
Californ-I-A
38%
came
38%
least,
38%
left,
38%
Now
38%
Now,
38%
piano
38%
saw
38%
Somebody
38%
supermodel
38%
until
38%
video
38%
walk
38%
wasn't
38%
Wonder
38%
Bangkok
35%
cute
35%
gave
35%
hate
35%
missed
35%
run
35%
seen
35%
s-sexy
35%
switch
35%
week-
35%
Amnesty
31%
chance
31%
last
31%
mil'
31%
respected
31%
rope
31%
sittin'
31%
couple
27%
half
27%
beats,
23%
comes,
23%
dope
23%
grand
23%
greasy,
23%
lock
23%
Montauk
23%
No matching quizzes found
Score Distribution
Percent of People with Each Score
Percentile by Number Answered
Your Score History
You have not taken this quiz